000 00374nam a22001457a 4500
003 ARRUPE
005 20240205105220.0
008 240205b |||||||| |||| 00| 0 eng d
040 _cAJU
050 _aBX1750.N4 P45
245 _a A Newman synthesis
_cPrzywara, Erich
260 _aLondon
_bSheed and Ward
_c1930
300 _axiii, 379p. ;
_c20cm.
942 _2lcc
_cMONOGRAPH
999 _c131761
_d131761